Alternative models elementary education.

Salvato in:
Dettagli Bibliografici
Autore principale: Joyce, Bruce R. (autor)
Natura: Libro
Lingua:inglese
Soggetti:
Tags: Aggiungi Tag
Nessun Tag, puoi essere il primo ad aggiungerne!!

MARC

LEADER 00000cam^a2200000uu^4500
001 000475444
005 20250521000000.0
008 050901s1969^^^^^^^^^^^^rd^r^^000^0^eng^d
009 20260526150243.204
035 |a FCE 000018308 
035 |a FCE 021386 
037 |a Acervo ITESO - Biblioteca 
041 |a eng 
082 0 4 |a 372.221  |b JOYa 
100 |a Joyce, Bruce R.  |e (autor) 
245 1 0 |a Alternative models elementary education. 
264 |a Estados Unidos :  |b Blaisdell,  |c 1969. 
300 |a 247 p. 
336 |a texto  |b txt  |2 rdacontenido 
337 |a sin mediación  |b n  |2 rdamedio 
338 |a volumen  |b nc  |2 rdasoporte 
649 |a XX 
650 |a Desarrollo de la educación 
650 |a Educación básica 
650 |a Estrategias de la educación 
650 |a Papel del docente 
650 |a Calidad de la educación 
650 |a Modelos educativos 
650 |a Estados Unidos 
910 |a Fondo Centro de Estudios Educativos 
920 |a Impresos - Libros 
930 |a Fondos Especiales 
905 |a 133 
901 |a ALE021386  |b IT2  |c CEE  |u 20250521 
902 |a https://opac.biblio.iteso.mx/vufind/Record/000475444